The adaptable country: How Canada can survive the twenty-first century. (Record no. 530097)
[ view plain ]
| 000 -LEADER | |
|---|---|
| fixed length control field | 00630nam a22001457a 4500 |
| 008 - FIXED-LENGTH DATA ELEMENTS--GENERAL INFORMATION | |
| fixed length control field | 250527b ||||| |||| 00| 0 eng d |
| 100 ## - MAIN ENTRY--PERSONAL NAME | |
| Personal name | Zeemering, Eric S. |
| 245 ## - TITLE STATEMENT | |
| Title | The adaptable country: How Canada can survive the twenty-first century. |
| 260 ## - PUBLICATION, DISTRIBUTION, ETC. (IMPRINT) | |
| Place of publication, distribution, etc | Public Administration Review |
| 300 ## - PHYSICAL DESCRIPTION | |
| Extent | 85(1), Jan-Feb, 2025: p.257-259 |
| 520 ## - SUMMARY, ETC. | |
| Summary, etc | Alasdair Roberts, Montreal: McGill-Queen's University Press. 2024. pp. 192. $24.95 CAD (paperback). ISBN: 9780228022008 https://onlinelibrary.wiley.com/doi/10.1111/puar.13915 |
| 773 ## - HOST ITEM ENTRY | |
| Main entry heading | Public Administration Review |
| 906 ## - LOCAL DATA ELEMENT F, LDF (RLIN) | |
| Subject DIP | BOOK REVIEW |
| 942 ## - ADDED ENTRY ELEMENTS (KOHA) | |
| Item type | Articles |
| Withdrawn status | Lost status | Source of classification or shelving scheme | Damaged status | Not for loan | Permanent location | Current location | Date acquired | Serial Enumeration / chronology | Barcode | Date last seen | Koha item type |
|---|---|---|---|---|---|---|---|---|---|---|---|
| Indian Institute of Public Administration | Indian Institute of Public Administration | 2025-05-27 | 85(1), Jan-Feb, 2025: p.257-259 | AR135926 | 2025-05-27 | Articles |
